Central Library OPAC University of Rajshahi

রুবাইয়াৎ / (Record no. 49363)

MARC details
000 -LEADER
fixed length control field 00891nam a22002417a 4500
001 - CONTROL NUMBER
control field 49363
003 - CONTROL NUMBER IDENTIFIER
rucl marc code BD-RjUL
005 - DATE AND TIME OF LATEST TRANSACTION
control field 20211209054654.0
008 - FIXED-LENGTH DATA ELEMENTS--GENERAL INFORMATION
fixed length control field 160820s1966 bg ||||| |||| 00| 0 ben d
020 ## - INTERNATIONAL STANDARD BOOK NUMBER
Terms of availability : TK 5.00
035 ## - SYSTEM CONTROL NUMBER
System control number (BD-RjUL)49482
040 ## - CATALOGING SOURCE
Original cataloging agency BD-RjUL
Language of cataloging ben
Transcribing agency BD-RjUL
041 ## - LANGUAGE CODE
Language code of text/sound track or separate title ben
082 ## - DEWEY DECIMAL CLASSIFICATION NUMBER
Edition number 23
Classification number 891.51
Author mark and year KHR 1966
100 1# - MAIN ENTRY--PERSONAL NAME
Personal name খাইয়াম, ওমর
9 (RLIN) 148211
245 10 - TITLE STATEMENT
Title রুবাইয়াৎ /
Statement of responsibility, etc. ওমর খাইয়াম ; অনুবাদক সিকান্‌দার আবু জাফর
260 ## - PUBLICATION, DISTRIBUTION, ETC. (IMPRINT)
Place of publication, distribution, etc. ঢাকা :
Name of publisher, distributor, etc. বাংলা একাডেমী,
Date of publication, distribution, etc. ১৯৬৬
300 ## - PHYSICAL DESCRIPTION
Pagination [২], ১১৭ পৃ. ;
Size ২০ সেমি.
650 ## - SUBJECT ADDED ENTRY--TOPICAL TERM
Topical term or geographic name as entry element ইরানী কবিতা
9 (RLIN) 148212
Topical term or geographic name as entry element Iranian Poetry
9 (RLIN) 145742
700 ## - ADDED ENTRY--PERSONAL NAME
Personal name জাফর, সিকান্‌দার আবু
942 ## - ADDED ENTRY ELEMENTS (KOHA)
Source of classification or shelving scheme Dewey Decimal Classification
Koha item type Books
Holdings
Lost status Source of classification or shelving scheme Damaged status Not for loan Collection code Permanent Location Current Location Shelving location Date acquired Source of acquisition Cost, normal purchase price Total Checkouts Full call number Date last seen Copy number Koha item type
  Dewey Decimal Classification     Non-fiction Central Library, University of Rajshahi Central Library, University of Rajshahi   10/07/1968 Nowros 5.00   B 891.51 KHR 1966 20/08/2016 C-2 Books
  Dewey Decimal Classification     Rare Books Central Library, University of Rajshahi Central Library, University of Rajshahi   10/07/1968 Nowrose, Dhaka 5.00   B 891.51 KHR 1966 21/08/2016 C-3 Books
  Dewey Decimal Classification   Not For Loan Non-fiction Central Library, University of Rajshahi Central Library, University of Rajshahi General Stacks 10/07/1968 Nowrose, Dhaka 5.00   B 891.51 KHR 1966 26/11/2025 C-1 Books